000 00551nam a2200169 a 4500
001 000047193
005 20201002053432.0
008 180424s2017 dr a r 000 0 spa d
040 _aDO-SdBNP
_bspa
_cBNPHU
082 _axxxx
_bE82c
100 1 _aEstrella, Vicente,
_d1962-
_943943
245 1 3 _aEl creador de la historia :
_bla verdad absoluta /
_cVicente Estrella.
260 _aSanto Domingo :
_bGUERSA,
_c2017.
300 _a253 p. :
_bil. ;
_c22 cm.
500 _aIncluye datos biográficos del autor en las solapas
590 _aInventariado, 2020/BT
999 _c46681
_d46681